=LDR 00000nam 2200000 4500 =001 INLIS000000000008211 =005 20130612100119 =008 ***********************************Ind** =035 ##$$0010-061300000008211 =041 ##$$a Ind =082 ##$$a 635 =090 ##$$a 635, Man m =100 ##$$a Rusadi, Taufik =245 ##$$a Mandiri di pekarangan, Taufik Rusadi, M.Sc =260 ##$$a 1998 $b Jakarta =300 ##$$a vii, 182 hlm, ilus, 23 cm =650 ##$$a Perkebunan =700 ##$$a Kartorejo, Sakimin